000
00211 a2200097 4500
001
59359
100
_a
245
_a
PAF law precis GDp and NGN courses
260
_a
Risalpur
_b
DOS
_c
2009
090
_c
36385
_d
36385
942
_a
NUST-CAE
_c
_c
29319
999
_c
294432
_d
294432